A predsa sa točí-

Bibliographic Details
Main Author: Ulman, Miro, 1959- (Author)
Format: Article
Language:Slovak
ISSN:1335-8286
Subjects:

MARC

LEADER 00000nab a2200000 ar4500
001 vtls008298754
003 SK-MaSNL
005 20260303075040.0
008 050922c2005 xo mr|p|||||||000 b|slo
015 |a SNBRB2005/09  |2 snkbucl 
038 |a SNKBUCL 
040 |a SNKBUCL  |b slo  |c SNKBUCL  |e AACR2 
041 0 |a slo 
044 |a xo  |c SK 
080 |a 791.43  |x (437.6)  |2 UDC-MRF-SK2 
100 1 |a Ulman, Miro,  |d 1959-  |4 aut  |9 104055 
245 1 0 |a A predsa sa točí-  |c Miro Ulman 
648 7 |a 2005  |2 snkbucl  |9 305506 
650 0 7 |a slovenský film  |2 snkbucl  |9 583953 
650 0 7 |a koprodukčné filmy  |2 snkbucl  |9 79154 
773 0 |t Film.sk  |g Roč. 6, č. 9 (2005), s. 24-25  |x 1335-8286 
852 |a SNK  |b KIS3GCP 
999 |c 1774113  |d 1776043